000
00311nam a2200133Ia 4500
100
_a
Johnk Carl T A
942
_c
BK
654
_a
engineering
245
_a
Engineering electromagnetics Fields & Waves
260
_b
John Wiley
_a
New York
_c
1988
082
_a
621.3
_b
PAN
300
_a
527
546
_a
ENGLISH
999
_c
30341
_d
30341